International encyclopedia of linguistics /

Bibliographic Details
Other Authors: Bright, William, 1928-2006
Format: Book
Language:English
Published: New York : Oxford University Press, 1992.
Subjects:

MARC

Tag First Indicator Second Indicator Subfields
LEADER 00000cam a22000008a 4500
001 in00000990263
005 20150927180209.0
008 910130s1992 nyu be 00100 eng
010 |a  91007349  
020 |a 0195051963 (set : hard cover : acid free paper) 
035 |a (OCoLC)23142584 
035 |9 AEY9411AM 
040 |a DLC  |c DLC  |d UtOrBLW 
049 |a TXAM 
050 0 0 |a P29  |b .I58 1991 
082 0 0 |a 410/.3  |2 20 
090 |a P29  |b .I58 1992 
245 0 0 |a International encyclopedia of linguistics /  |c William Bright, editor-in-chief. 
263 |a 9110 
264 1 |a New York :  |b Oxford University Press,  |c 1992. 
300 |a 4 volumes :  |b illustrations 
336 |a text  |b txt  |2 rdacontent 
337 |a unmediated  |b n  |2 rdamedia 
338 |a volume  |b nc  |2 rdacarrier 
504 |a Includes bibliographical references and index. 
650 0 |a Linguistics  |x Encyclopedias. 
700 1 |a Bright, William,  |d 1928-2006. 
999 |a MARS 
999 f f |s a376140c-cd88-3db4-af16-3c26ff5a4e43  |i c77be548-a42b-31f2-a65e-52a1c8e893fe  |t 0 
952 f f |p ric  |a Texas A&M University  |b Rellis Campus  |c Joint Library Facility  |d Remote Storage  |t 0  |e P29 .I58 1992  |h Library of Congress classification  |i unmediated -- volume  |k v.3  |m A14815720921 
952 f f |p ric  |a Texas A&M University  |b Rellis Campus  |c Joint Library Facility  |d Remote Storage  |t 0  |e P29 .I58 1992  |h Library of Congress classification  |i unmediated -- volume  |k v.4  |m A14815720971 
952 f f |p ric  |a Texas A&M University  |b Rellis Campus  |c Joint Library Facility  |d Remote Storage  |t 0  |e P29 .I58 1992  |h Library of Congress classification  |i unmediated -- volume  |k v.1  |m A14815720824 
952 f f |p ric  |a Texas A&M University  |b Rellis Campus  |c Joint Library Facility  |d Remote Storage  |t 0  |e P29 .I58 1992  |h Library of Congress classification  |i unmediated -- volume  |k v.2  |m A14815720874 
998 f f |a P29 .I58 1992  |s v.1-v.4  |t 0  |l Remote Storage